<?xml version="1.0" encoding="UTF-8"?>
<record
    xmlns:xsi="http://www.w3.org/2001/XMLSchema-instance"
    xsi:schemaLocation="http://www.loc.gov/MARC21/slim http://www.loc.gov/standards/marcxml/schema/MARC21slim.xsd"
    xmlns="http://www.loc.gov/MARC21/slim">

  <leader>01067nam0a22002531  4500</leader>
  <controlfield tag="001">RU\NLR\INFOCOMM_46\5000724465</controlfield>
  <controlfield tag="005">20250613101827.0</controlfield>
  <datafield tag="035" ind1=" " ind2=" ">
    <subfield code="a">(NLR Aleph) 009395428</subfield>
  </datafield>
  <datafield tag="090" ind1=" " ind2=" ">
    <subfield code="a">8069981</subfield>
    <subfield code="c">8069981</subfield>
  </datafield>
  <datafield tag="100" ind1=" " ind2=" ">
    <subfield code="a">20110117d1926    |||y0rusy50      ca</subfield>
  </datafield>
  <datafield tag="101" ind1="0" ind2=" ">
    <subfield code="a">ger</subfield>
  </datafield>
  <datafield tag="102" ind1=" " ind2=" ">
    <subfield code="a">RU</subfield>
  </datafield>
  <datafield tag="105" ind1=" " ind2=" ">
    <subfield code="a">y   ||||000|y</subfield>
  </datafield>
  <datafield tag="200" ind1="1" ind2=" ">
    <subfield code="a">Beitrag zur Pathogenese der Osteomyelitis des Oberkiefers im S&#xE4;uglingsalter</subfield>
    <subfield code="e">Inaugural-Dissertation ... der ... Medizinischen Fakult&#xE4;t der Albertus-Universit&#xE4;t zu K&#xF6;nigsberg i. Pr.</subfield>
    <subfield code="f">vorgelegt von Isaak Gr&#xFC;nstein, approb. Arzt</subfield>
    <subfield code="g">Aus der Universit&#xE4;ts-Hals-, Nasen- u. Ohrenklinik zu K&#xF6;nigsberg Pr. Director: Prof. ... Dr. Stenger</subfield>
  </datafield>
  <datafield tag="210" ind1=" " ind2=" ">
    <subfield code="a">K&#xF6;nigsberg Pr.</subfield>
    <subfield code="c">Johann Raabe</subfield>
    <subfield code="d">1926</subfield>
  </datafield>
  <datafield tag="215" ind1=" " ind2=" ">
    <subfield code="a">28, IV, [1] &#x441;.</subfield>
    <subfield code="d">22 &#x441;&#x43C;</subfield>
  </datafield>
  <datafield tag="320" ind1=" " ind2=" ">
    <subfield code="a">&#x411;&#x438;&#x431;&#x43B;&#x438;&#x43E;&#x433;&#x440;.: &#x441;. I-IV</subfield>
  </datafield>
  <datafield tag="606" ind1=" " ind2=" ">
    <subfield code="a">&#x41E;&#x441;&#x442;&#x435;&#x43E;&#x43C;&#x438;&#x435;&#x43B;&#x438;&#x442; &#x447;&#x435;&#x43B;&#x44E;&#x441;&#x442;&#x438; &#x433;&#x440;&#x443;&#x434;&#x43D;&#x44B;&#x445; &#x434;&#x435;&#x442;&#x435;&#x439;</subfield>
    <subfield code="x">&#x41F;&#x430;&#x442;&#x43E;&#x433;&#x435;&#x43D;&#x435;&#x437;</subfield>
    <subfield code="2">nlr_sh1</subfield>
  </datafield>
  <datafield tag="700" ind1=" " ind2="1">
    <subfield code="a">Gr&#xFC;nstein</subfield>
    <subfield code="b">I.</subfield>
    <subfield code="g">Isaak</subfield>
    <subfield code="4">070</subfield>
  </datafield>
  <datafield tag="801" ind1=" " ind2="1">
    <subfield code="a">RU</subfield>
    <subfield code="b">NLR</subfield>
    <subfield code="c">20110117</subfield>
  </datafield>
  <datafield tag="801" ind1=" " ind2="0">
    <subfield code="a">RU</subfield>
    <subfield code="b">NLR</subfield>
    <subfield code="g">PSBO</subfield>
  </datafield>
  <datafield tag="852" ind1=" " ind2=" ">
    <subfield code="a">NLR</subfield>
    <subfield code="j">&#x415;11/1984</subfield>
  </datafield>
  <datafield tag="942" ind1=" " ind2=" ">
    <subfield code="c">BOOK</subfield>
  </datafield>
  <datafield tag="980" ind1=" " ind2=" ">
    <subfield code="a">NB</subfield>
  </datafield>
  <datafield tag="995" ind1=" " ind2=" ">
    <subfield code="5">2013-10-26</subfield>
    <subfield code="b">NLR01</subfield>
    <subfield code="c">NLR01</subfield>
    <subfield code="e">IF</subfield>
    <subfield code="f">9395428-10</subfield>
    <subfield code="k">&#x415;11/1984</subfield>
    <subfield code="o">0</subfield>
    <subfield code="r">BOOK</subfield>
    <subfield code="s">111984_</subfield>
  </datafield>
</record>
